000 02275nam a22001577a 4500
041 _aukr
080 _a09
090 _bКАР
100 _aКарплюк, Ю. М.
245 _aВикористання віршованих матеріалів при навчанні лексики англійської мови учнів початкових класів
260 _aОстрог
_bКАФ
_c2013
300 _a68
520 _aВступ. Розділ І. Теоретичні аспекти навчання лексики англійської мови учнів початкових класів з використанням віршованого матеріалу. 1.1. Психологічні передумови навчання молодших школярів лексичного матеріалу англійською мовою віршів та пісень 1.2. Роль віршованого матеріалу у навчанні лексики англійської мови учнів початкової школи Висновки до розділу 1 Розділ ІІ. Практичні аспекти використання віршованих матеріалів при навчанні лексики англійської мови учнів початкових класів. 2.1. Організація процесу навчання лексики англійської мови на основі віршованого матеріалу у початковій школі 2.2. Класифікація та розробка комплексу вправ при навчанні лексики англійської мови з використанням віршованих матеріалів 2.3. Методичні рекомендації щодо формування лексики англійської мови учнів початкових класів на основі віршованого матеріалу Висновки до розділу 2 Розділ ІІІ. Страхування виробничих ризиків. Висновки. Список використаних джерел.
_0вірш, методика, лексика
650 _aResearch Papers
999 _c285338
_d285338
942 _cBK